Dear prime minister : (Record no. 6968)
[ view plain ]
| 000 -LEADER | |
|---|---|
| fixed length control field | 00410ngm a2200133 4500 |
| 001 - CONTROL NUMBER | |
| control field | 8091 |
| 005 - DATE AND TIME OF LATEST TRANSACTION | |
| control field | 20181127185055.0 |
| 090 00 - LOCALLY ASSIGNED LC-TYPE CALL NUMBER (OCLC); LOCAL CALL NUMBER (RLIN) | |
| Classification number (OCLC) (R) ; Classification number, CALL (RLIN) (NR) | 302.23 |
| 245 00 - TITLE STATEMENT | |
| Title | Dear prime minister : |
| Remainder of title | a music video on democracy / |
| Statement of responsibility, etc. | |
| Medium | |
| 260 00 - PUBLICATION, DISTRIBUTION, ETC. | |
| Place of publication, distribution, etc. | Thimphu Bhutan ; |
| Name of publisher, distributor, etc. | Bhutan Centre for Media and Democracy, |
| Date of publication, distribution, etc. | 2017. |
| 650 00 - SUBJECT ADDED ENTRY--TOPICAL TERM | |
| Topical term or geographic name entry element | Journalism --Social aspects. |
| Topical term or geographic name entry element | Mass media --Social aspects. |
| Withdrawn status | Lost status | Source of classification or shelving scheme | Damaged status | Not for loan | Collection code | Home library | Current library | Shelving location | Serial Enumeration / chronology | Total Checkouts | Full call number | Barcode | Date last seen | Price effective from | Koha item type |
|---|---|---|---|---|---|---|---|---|---|---|---|---|---|---|---|
| Dewey Decimal Classification | Desk | RTC Library | RTC Library | Desk | 302.23 BHU | 30012179 | 27/11/2018 | 27/11/2018 | Desk (DVD/CD) |